000 00298nam a2200121Ia 4500
008 240731s9999 xx 000 0 und d
022 _a2575-517X
245 0 _aDigital Psychiatry
260 _bTaylor & Francis
856 _uhttps://www.tandfonline.com/loi/tdig20
942 _2ddc
942 _cTFEJ
999 _c76255
_d76255
945 _a1
_bMadushi Gamage
_c1
_dMadushi Gamage